000 00617nam a22001697a 4500
003 OSt
005 20171010095534.0
008 121008t xxu||||| |||| 00| 0 eng d
040 _aMMSU
_cULS
100 _aBugaoisan, Joash F., et al.
_913195
245 _aTraffic monitoring system along busy intersections of Laoag City
_cJoash F. Bugaoisan, et al.
260 _c2008
300 _axiii, [181] leaves
_c28 cm.
500 _aThesis (BS Electronics & Communications Engineering) -- Mariano Marcos State University-College of Engineering, Batac City
504 _aBibliography: leaf 135
942 _2ddc
_cTHEDIS
999 _c9829
_d9829